000 00670nam a2200229Ia 4500
001 17405
003 GE_BSU
008 181216s||||||||xx |||||||||||||| ||und||
040 _cGE_BSU
080 _a821.353.1-32
100 _aჯოხაძე,მაკა
245 _aგურამ-გურამ
245 _bმოთხრობები
245 _cრედ.:მ.ჯაფარიძე;მხატვ.:სპ.ცინცაძე
260 _aთბილისი
260 _bმერანი
260 _c1976
300 _a137გვ.;16
300 _e1ფ.პორტრ.
653 _aმოთხრობები
942 _cBK
999 _c50459
_d50459